De poëtische vorming van Max Elskamp. (Record no. 5607)

MARC details
000 -LEADER
fixed length control field 00969cam a22002651 4500
001 - CONTROL NUMBER
control field af 48003474
003 - CONTROL NUMBER IDENTIFIER
control field DLC
005 - DATE AND TIME OF LATEST TRANSACTION
control field 20260227110902.0
008 - FIXED-LENGTH DATA ELEMENTS--GENERAL INFORMATION
fixed length control field 881231s1943 be c b 000 0 dut c
010 ## - LIBRARY OF CONGRESS CONTROL NUMBER
LC control number af 48003474
035 ## - SYSTEM CONTROL NUMBER
System control number (OCoLC)18957433
040 ## - CATALOGING SOURCE
Original cataloging agency California. Univ. Libr.
Transcribing agency CU
Modifying agency CU
-- DLC
041 1# - LANGUAGE CODE
Language code of text/sound track or separate title dut
Language code of original fre
042 ## - AUTHENTICATION CODE
Authentication code premarc
050 00 - LIBRARY OF CONGRESS CALL NUMBER
Classification number PQ2609.L7
Item number Z8
100 1# - MAIN ENTRY--PERSONAL NAME
Personal name Velde, Henry van de,
Dates associated with a name 1863-1957.
245 03 - TITLE STATEMENT
Title De poëtische vorming van Max Elskamp.
Statement of responsibility, etc. [Geautoriseerde vertaling: Lode Zielens]
260 ## - PUBLICATION, DISTRIBUTION, ETC.
Place of publication, distribution, etc. Antwerpen,
Name of publisher, distributor, etc. Nederlandsche Boekhandel,
Date of publication, distribution, etc. 1943.
300 ## - PHYSICAL DESCRIPTION
Extent 83 p.
Other physical details port.
Dimensions 18 cm.
440 #3 - SERIES STATEMENT/ADDED ENTRY--TITLE
Title De Seizoenen,
Volume/sequential designation nr 39
500 ## - GENERAL NOTE
General note Translation of Henry van de Velde entretient ses collègues de l'Académie libre Edmond Picard de la formation de Max Elskamp et d'une amitié de plus de 50 ans.
504 ## - BIBLIOGRAPHY, ETC. NOTE
Bibliography, etc. note "Werken [van Max Elskamp]": p. 11.
600 10 - SUBJECT ADDED ENTRY--PERSONAL NAME
Personal name Elskamp, Max,
Dates associated with a name 1862-1931.
700 1# - ADDED ENTRY--PERSONAL NAME
Personal name Zielens, Lode,
Dates associated with a name 1901-1944,
Relator term tr.

No items available.

Powered by Koha